[Event "BCC Inaugural"]
[Site "Boise, ID"]
[Date "2014.03.08"]
[Round "2.1"]
[White "Lang, Jamie"]
[Black "Inman, James"]
[Result "0-1"]
[WhiteElo "1486"]
[BlackElo "1745"]

1. e4 c6 2. d4 d5 3. Nc3 dxe4 4. Nxe4 Bf5 5. Ng3 Bg6 6. h4 h6 7. Nf3 e6 8. h5
Bh7 9. Bd3 Bxd3 10. Qxd3 Nf6 11. Bf4 Nd5 12. Qd2 Nxf4 13. Qxf4 Bd6 14. Qe3
Bxg3 15. fxg3 Nd7 16. O-O-O Nf6 17. Ne5 Qd5 18. c4 Qe4 19. Qf3 O-O 20. Rh4
Qxf3 21. gxf3 Rfd8 22. Ng4 Ne8 23. Ne3 Rd6 24. Kc2 Rad8 25. c5 R6d7 26. b4 Nc7
27. Kb3 e5 28. Nc2 Ne6 29. Kc4 f6 30. a4 b6 31. cxb6 axb6 32. b5 c5 33. d5 Nc7
34. Ne3 Kf7 35. Rh2 Ke7 36. Rhd2 Ne8 37. Nf5+ Kf7 38. d6 Ke6 39. g4 Nxd6+ 40.
Nxd6 Rxd6 41. Rxd6+ Rxd6 42. Rxd6+ Kxd6 {#R} 0-1

[Event "BCC #3"]
[Site "Boise, ID"]
[Date "2014.05.10"]
[Round "3.2"]
[White "White, Matthew William"]
[Black "Inman, James"]
[Result "0-1"]
[WhiteElo "1307"]
[BlackElo "1763"]
[EventRounds "4"]
[EventCountry "USA"]

1. e4 c6 2. b3 d5 3. exd5 cxd5 4. Nc3 Nc6 5. Nf3 Bg4 6. Bb5 Nf6 7. h3 Bd7 8.
d4 a6 9. Bxc6 bxc6 10. Ne5 Bf5 11. g4 Bg6 12. g5 Nd7 13. Nxc6 Qc7 14. Ne5
Qxc3+ 15. Bd2 Qxd4 16. Nxd7 Qe4+ 17. Be3 Qxh1+ 18. Ke2 Bh5+ 19. Kd2 Bxd1 20.
Rxd1 Qxd1+ 21. Kxd1 Kxd7 22. c4 e6 23. c5 Rb8 24. Kc2 Kc6 25. a4 Bxc5 26. Bxc5
Kxc5 27. Kc3 Rhc8 28. Kb2 Kb4 29. f4 Rc3 {#R} 0-1

[Event "BCC #3"]
[Site "Boise, ID"]
[Date "2014.05.10"]
[Round "4.1"]
[White "Inman, James"]
[Black "Amen, Chris"]
[Result "1-0"]
[WhiteElo "1763"]
[BlackElo "1397"]
[EventRounds "4"]
[EventCountry "USA"]

1. d4 d5 2. c4 c6 3. Qc2 Nf6 4. Nf3 Bg4 5. e3 Bxf3 6. gxf3 e6 7. a3 Bd6 8. e4
e5 9. dxe5 Bxe5 10. cxd5 cxd5 11. Bb5+ Nbd7 12. Bd2 Rc8 13. Qd3 dxe4 14. fxe4
O-O 15. Nc3 Nc5 16. Qxd8 Rfxd8 17. f4 Nfxe4 18. Nxe4 Nxe4 19. Be3 Bxb2 20. Rb1
Bxa3 21. Bxa7 Rd2 22. Be3 Rb2 23. O-O Rcc2 24. Rxb2 Rxb2 25. Bd3 f5 26. Bc1
Rb3 27. Bc4+ Kf8 28. Bxb3 Bxc1 29. Rxc1 Nd2 30. Rc8+ Ke7 31. Rc7+ Kf6 32. Rxb7
Nf3+ 33. Kf2 Nxh2 34. Bd1 h5 35. Rb6+ Kf7 36. Bxh5+ {#r} 1-0

[Event "ICA Players Memorial"]
[Site "Boise, ID"]
[Date "2014.08.23"]
[Round "1.2"]
[White "Inman, James"]
[Black "Lang, Jamie"]
[Result "0-1"]
[WhiteElo "1788"]
[BlackElo "1474"]
[EventRounds "5"]
[EventCountry "USA"]

1. d4 Nf6 2. c4 e6 3. Nc3 Bb4 4. e3 O-O 5. Nge2 d5 6. a3 Bxc3+ 7. Nxc3 b6 8.
b4 dxc4 9. Bxc4 Bb7 10. O-O Nbd7 11. Bb2 c5 12. bxc5 bxc5 13. Nb5 Qb6 14. Qe2
cxd4 15. Bxd4 Qc6 16. f3 a6 17. Nc3 e5 18. Rfd1 exd4 19. Rxd4 Ne5 20. Rad1
Rac8 21. Nd5 Nxd5 22. Bxd5 Qc7 23. Ba2 Rfd8 24. Qb2 Rxd4 25. Qxd4 Bxf3 26. Rf1
Bh5 27. Rf5 Ng4 28. Bxf7+ Bxf7 29. Qxg4 Be6 30. e4 Bxf5 31. Qxf5 Qc1+ 32. Kf2
Rf8 {#R} 0-1

[Event "ICA Players Memorial"]
[Site "Boise, ID"]
[Date "2014.08.23"]
[Round "2.6"]
[White "Faulkner, Graeme K"]
[Black "Inman, James"]
[Result "0-1"]
[WhiteElo "1171"]
[BlackElo "1788"]
[EventRounds "5"]
[EventCountry "USA"]

1. e4 c6 2. Nf3 d5 3. exd5 cxd5 4. d4 Nf6 5. h3 Nc6 6. c3 Qc7 7. Bd3 e6 8. O-O
Be7 9. Nbd2 O-O 10. Re1 Nh5 11. Ne5 Nf4 12. Ndf3 Nxd3 13. Nxd3 Bd6 14. Nfe5 f6
15. Nxc6 bxc6 16. Qf3 e5 17. Qh5 e4 18. Nc5 g6 19. Qh6 f5 20. g3 f4 21. gxf4
Rf5 22. Qh4 Rh5 23. Qf6 Rf5 24. Qh4 Bxf4 25. Bxf4 Rxf4 26. Qg3 Qf7 27. Re3 Qf6
28. Rf1 Rh4 29. Qg2 Bf5 30. Nb3 Rf8 31. Nc1 Bc8 32. Ne2 Qe6 33. Kh2 Qd6+ 34.
Kg1 Rf3 35. Rxf3 exf3 36. Qxf3 Rxh3 37. Qg2 Rh4 38. Ng3 Bh3 39. Qh2 Qf4 40.
Re1 Qd2 41. Re8+ Kf7 42. Nf1 Qg5+ 43. Kh1 Bxf1 {#R} 0-1

[Event "BCC #4"]
[Site "Boise, ID"]
[Date "2014.09.06"]
[Round "1.2"]
[White "Lang, Jamie"]
[Black "Inman, James"]
[Result "0-1"]
[WhiteElo "1446"]
[BlackElo "1755"]
[EventRounds "4"]
[EventCountry "USA"]

1. e4 c6 2. Nc3 d5 3. exd5 cxd5 4. d4 Nf6 5. Bb5+ Bd7 6. Bxd7+ Qxd7 7. Nf3 Nc6
8. O-O e6 9. Re1 Be7 10. Bf4 O-O 11. Qd2 Rac8 12. Ne5 Nxe5 13. Bxe5 Ng4 14.
Bg3 b5 15. Qe2 b4 16. Nxd5 Qxd5 17. Qxg4 Rxc2 18. Re5 Qc4 19. Ree1 Bf6 20. b3
Qxd4 21. Qxd4 Bxd4 22. Rad1 Bc3 23. Re4 Rxa2 24. Bd6 Rd8 25. g3 Ra6 26. Bxb4
Rxd1+ 27. Kg2 Bxb4 28. Rxb4 g6 {#R} 0-1

[Event "Southern Idaho Open"]
[Site "Twin Falls, ID"]
[Date "2014.11.08"]
[Round "3.3"]
[White "Inman, James"]
[Black "Buus, Jarod N"]
[Result "1/2-1/2"]
[WhiteElo "1719"]
[BlackElo "1633"]
[EventRounds "4"]
[EventCountry "USA"]

1. d4 d5 2. c4 c6 3. Nc3 Nf6 4. e3 e6 5. Nf3 Nbd7 6. b3 Bd6 7. Be2 O-O 8. O-O
e5 9. dxe5 Nxe5 10. cxd5 Nxf3+ 11. Bxf3 Be5 12. Bb2 cxd5 13. Rc1 a6 14. Ba3
Re8 15. Nxd5 Nxd5 16. Qxd5 Qf6 17. Rfd1 Rb8 18. Bd6 Bxd6 19. Qxd6 Be6 20. Qd4
Qg5 21. Rc5 Qg6 22. Rc7 b5 23. Bc6 Bh3 24. g3 Rf8 25. Bg2 Bxg2 26. Kxg2 Qg5
27. Rdc1 Rfd8 28. Qa7 Qd5+ 29. Kg1 Ra8 30. Qd4 Qh5 31. Qb2 Rd1+ 32. Rxd1 Qxd1+
33. Kg2 Qd5+ 34. f3 h6 35. e4 Qd6 36. Qc3 Rd8 37. Rc8 Rxc8 38. Qxc8+ Kh7 39.
Qc2 g6 40. f4 Qe6 41. Kf3 h5 42. h4 Qg4+ 43. Kg2 Qe6 44. Qd3 Qc6 45. Kf3 f5
46. Ke3 Qc1+ 47. Qd2 Qg1+ 48. Qf2 {#d} 1/2-1/2

[Event "Southern Idaho Open"]
[Site "Twin Falls, ID"]
[Date "2014.11.08"]
[Round "4.2"]
[White "Amen, Chris"]
[Black "Inman, James"]
[Result "0-1"]
[WhiteElo "1526"]
[BlackElo "1719"]
[EventRounds "4"]
[EventCountry "USA"]

1. c4 Nf6 2. g3 d5 3. cxd5 Nxd5 4. Bg2 c6 5. Nf3 Bf5 6. O-O Nd7 7. d3 N5f6 8.
Nc3 e5 9. Be3 Be7 10. h3 h6 11. Nd2 O-O 12. Rb1 Re8 13. b4 Nb6 14. Nde4 Nbd5
15. Bc5 Qd7 16. Qc2 Bxh3 17. Bxe7 Bxg2 18. Kxg2 Rxe7 19. Nxd5 Qxd5 20. Qc4
Nxe4 21. Qxe4 Qxa2 22. Qh4 Rae8 23. Rbe1 Qd5+ 24. f3 Qd4 25. g4 Qxb4 26. Rh1
a5 27. Rh3 a4 28. Reh1 Qd2 29. g5 Qxe2+ 30. Kg1 Qe3+ 31. Kg2 Re6 {#R} 0-1

[Event "BCC #5"]
[Site "Boise, ID"]
[Date "2014.11.22"]
[Round "2.5"]
[White "Inman, James"]
[Black "Hill, Elijah Andrew"]
[Result "1-0"]
[WhiteElo "1719"]
[BlackElo "1371"]
[EventRounds "4"]
[EventCountry "USA"]

1. d4 Nf6 2. c4 e6 3. Nc3 b6 4. e4 Bb4 5. Qc2 Bb7 6. Bd3 Nc6 7. Nf3 d5 8. e5
Nd7 9. cxd5 exd5 10. O-O Qe7 11. Bg5 Qf8 12. Nxd5 Rc8 13. Bb5 Nxd4 14. Nxc7+
Rxc7 15. Qxc7 Nxf3+ 16. gxf3 Qc5 17. Qd8# 1-0

[Event "BCC #5"]
[Site "Boise, ID"]
[Date "2014.11.22"]
[Round "3.4"]
[White "Lang, Jamie"]
[Black "Inman, James"]
[Result "0-1"]
[WhiteElo "1470"]
[BlackElo "1719"]
[EventRounds "4"]
[EventCountry "USA"]

1. e4 c6 2. d4 d5 3. exd5 cxd5 4. Nf3 Nc6 5. Bb5 Bd7 6. Bxc6 bxc6 7. O-O Nf6
8. Bg5 e6 9. Ne5 Be7 10. Bxf6 Bxf6 11. Nxd7 Qxd7 12. c3 O-O 13. Nd2 Rfb8 14.
Nb3 Be7 15. Qc2 a5 16. Nd2 Qb7 17. b3 c5 18. Nf3 Rc8 19. Qd2 cxd4 20. cxd4 Bb4
21. Qf4 Rc2 22. a3 Bc3 23. Rac1 Qxb3 24. Rxc2 Qxc2 25. Rc1 Qb2 26. Ng5 Rf8
{#R} 0-1

[Event "Western Idaho Open"]
[Site "Boise, ID"]
[Date "2014.12.13"]
[Round "2.101"]
[White "Lucky, David"]
[Black "Inman, James"]
[Result "1-0"]
[WhiteElo "2375"]
[BlackElo "1724"]
[EventRounds "5"]
[EventCountry "USA"]

1. e4 c6 2. d4 d5 3. exd5 cxd5 4. c4 Nf6 5. Nc3 e6 6. Nf3 Nc6 7. Bg5 Be7 8. a3
O-O 9. Bd3 dxc4 10. Bxc4 a6 11. O-O b5 12. Ba2 Bb7 13. Qd3 b4 14. Na4 Nd5 15.
Bb1 g6 16. Bh6 Re8 17. Rc1 Rc8 18. Ba2 a5 19. Qb5 Rc7 20. Bxd5 Qxd5 21. Qxd5
exd5 22. Bf4 Rcc8 23. Nb6 bxa3 24. bxa3 Rcd8 25. Bc7 Bf6 26. Bxd8 Rxd8 27. Rd1
Rd6 28. Rab1 Ba6 29. Rd2 Bd8 30. Na4 f5 31. Nc5 Bc8 32. Nb7 Bxb7 33. Rxb7 Re6
34. Kf1 Re7 35. Rdb2 h6 36. R2b5 Rxb7 37. Rxb7 Be7 38. Rc7 {#r} 1-0

[Event "Western Idaho Open"]
[Site "Boise, ID"]
[Date "2014.12.13"]
[Round "3.104"]
[White "Inman, James"]
[Black "Zaklan, David Allen"]
[Result "0-1"]
[WhiteElo "1724"]
[BlackElo "1442"]
[EventRounds "5"]
[EventCountry "USA"]

1. d4 d5 2. c4 c6 3. Nc3 Nf6 4. e3 e6 5. Nf3 Be7 6. b3 O-O 7. Bd3 Bb4 8. Bd2
Nbd7 9. O-O Bd6 10. Qc2 e5 11. cxd5 cxd5 12. dxe5 Bxe5 13. Nxe5 Nxe5 14. Be2
Be6 15. Rfd1 Rc8 16. Qb2 a6 17. Rac1 Qd6 18. Be1 Neg4 19. g3 Qb6 20. Bf3 Nxe3
21. fxe3 Qxe3+ 22. Qf2 Qh6 23. Bd2 Qh3 24. Bg5 Ng4 25. Bxg4 Qxg4 26. Be3 Rxc3
27. h3 Qh5 28. g4 Rxc1 29. gxh5 Rxd1+ 30. Kh2 Rc8 31. h6 f5 32. Qg3 Rc2+ 33.
Bf2 g6 34. Qb8+ Bc8 35. Qe5 Kf7 36. Qg7+ Ke6 37. Qg8+ Kd6 38. Qxh7 Rxf2+ 39.
Kg3 Rdd2 40. Qxg6+ Be6 41. Qf6 Rg2+ 42. Kh4 Rh2 43. Qg5 Rdg2 44. Qf4+ Kd7 45.
h7 Rg4+ 46. Qxg4 fxg4 {#R} 0-1

[Event "Western Idaho Open"]
[Site "Boise, ID"]
[Date "2014.12.14"]
[Round "4.109"]
[White "Yang, Kevin"]
[Black "Inman, James"]
[Result "1-0"]
[WhiteElo "1487"]
[BlackElo "1724"]
[EventRounds "5"]
[EventCountry "USA"]

1. d4 d5 2. c4 dxc4 3. Nc3 a6 4. a4 Nf6 5. Bg5 e6 6. Nf3 c5 7. e3 Nc6 8. Bxc4
cxd4 9. Nxd4 Nxd4 10. exd4 Be7 11. O-O O-O 12. Ne2 b6 13. Qd3 Bb7 14. Qh3 Re8
15. Rfd1 h6 16. Bh4 Nd5 17. Bxe7 Qxe7 18. Ra3 Rac8 19. Rc1 Nc7 20. Rg3 b5 21.
Qxh6 g6 22. Bd3 Qf8 23. Qg5 Qe7 24. Qg4 Qf6 25. h3 bxa4 26. Nf4 Re7 27. Nh5
Qh8 28. Bxg6 fxg6 29. Qxg6+ Kf8 30. Rg4 Nd5 31. Rxc8+ Bxc8 32. Rg3 Rf7 33. Qg5
Ke8 34. Qg4 Rf5 35. Ng7+ Kd7 36. Nxf5 exf5 37. Qxf5+ Kc7 38. Qf7+ Kb8 39. Rg7
Qxg7 40. Qxg7 Nc7 {#r} 1-0

[Event "BCC #7"]
[Site "?"]
[Date "2015.05.30"]
[Round "1.3"]
[White "Olson, Christopher Ronald"]
[Black "Inman, James"]
[Result "0-1"]
[WhiteElo "1061"]
[BlackElo "1812"]

1. e4 c6 2. d4 d5 3. exd5 cxd5 4. h3 Bf5 5. Bd3 Bxd3 6. Qxd3 Nf6 7. Nf3 Qa5+
8. c3 Qa6 9. Ne5 Qxd3 10. Nxd3 Nc6 11. Bf4 e6 12. Nd2 Be7 13. O-O O-O 14. b4
Rac8 15. Rfc1 Nd7 16. a4 g5 17. Be3 f5 18. a5 f4 19. Bxf4 gxf4 20. b5 Nd8 21.
Nf3 Bd6 22. Nb2 e5 23. dxe5 Nxe5 24. Rd1 Nxf3+ 25. gxf3 Rf5 26. c4 Be5 27.
Rab1 dxc4 28. Rd5 Nf7 29. Na4 c3 30. Rc1 Rc4 31. Nxc3 Rg5+ {#R} 0-1

[Event "BCC #7"]
[Site "?"]
[Date "2015.05.30"]
[Round "2.3"]
[White "Inman, James"]
[Black "Liu, James"]
[Result "1-0"]
[WhiteElo "1812"]
[BlackElo "1143"]

1. d4 Nf6 2. c4 g6 3. Nc3 d6 4. e4 Bg7 5. h3 O-O 6. Bg5 Nbd7 7. Nf3 e5 8. d5
a5 9. Bd3 Nc5 10. Bc2 Qe8 11. O-O Nh5 12. Qd2 f5 13. exf5 Bxf5 14. Bxf5 Rxf5
15. Rae1 e4 16. Nh2 Qe5 17. f4 Qe8 18. g4 Ng3 19. gxf5 Nxf1 20. Nxf1 gxf5 21.
Ne3 Qh5 22. Nxf5 Qxh3 23. Ne7+ Kh8 24. Re3 Qg4+ 25. Qg2 Qd7 26. Nxe4 Nxe4 27.
Rxe4 Qa4 28. Qe2 Re8 29. Ng6+ hxg6 30. Rxe8+ Kh7 31. Qh2+ {#r} 1-0

[Event "BCC #7"]
[Site "?"]
[Date "2015.05.30"]
[Round "3.1"]
[White "Gorman, Cody A.M"]
[Black "Inman, James"]
[Result "1-0"]
[WhiteElo "1885"]
[BlackElo "1812"]

1. d4 d5 2. c4 dxc4 3. e3 e5 4. Bxc4 exd4 5. exd4 Bd6 6. Nf3 Nf6 7. O-O O-O 8.
Qd3 a6 9. Bb3 Nc6 10. Bg5 Bg4 11. Nbd2 h6 12. Bh4 Nb4 13. Qc3 g5 14. Bg3 Bxg3
15. Qxb4 Bf4 16. Ne5 Bf5 17. g3 Bxd2 18. Qxd2 b5 19. Rac1 Be4 20. Qe3 Bd5 21.
Nc6 Qe8 22. Ne7+ Kg7 23. Nxd5 Nxd5 24. Bxd5 Rd8 25. Bb3 f6 26. Rxc7+ {#r} 1-0

[Event "BCC #7"]
[Site "?"]
[Date "2015.05.30"]
[Round "4.2"]
[White "Inman, James"]
[Black "Buus, Jarod N"]
[Result "1-0"]
[WhiteElo "1812"]
[BlackElo "1669"]

1. d4 d5 2. c4 c6 3. Nc3 dxc4 4. e4 e5 5. Nf3 Bg4 6. Bxc4 Nd7 7. Qb3 Qb6 8.
Bxf7+ Kd8 9. Bxg8 Bxf3 10. gxf3 exd4 11. Bg5+ Kc8 12. Na4 Bb4+ 13. Bd2 Bxd2+
14. Kxd2 Qa5+ 15. Kc2 b5 16. Rac1 bxa4 17. Qc4 c5 18. Rhd1 Rb8 19. Be6 Rd8 20.
Kb1 Rb4 21. Qd5 Kb8 22. Bxd7 Rxb2+ 23. Kxb2 Qb4+ 24. Ka1 Rxd7 25. Qxd7 {#r}
1-0

[Event "Idaho Closed"]
[Site "Twin Falls, ID"]
[Date "2015.02.14"]
[Round "1.11"]
[White "Inman, James"]
[Black "Simonson, Jay L"]
[Result "1-0"]
[WhiteElo "1650"]
[BlackElo "751"]
[EventRounds "6"]
[EventCountry "USA"]

1. e4 e5 2. Nf3 Nc6 3. Bb5 a6 4. Ba4 Nf6 5. d3 Bc5 6. c3 O-O 7. O-O d5 8. Bxc6
bxc6 9. Nxe5 Bb7 10. Nd2 Qd6 11. d4 Bb6 12. exd5 Qxd5 13. Qf3 c5 14. Qxd5 Nxd5
15. dxc5 Bxc5 16. Nd7 Rfe8 17. Nxc5 Rab8 18. Nxb7 Rxb7 19. Nb3 Rb5 20. c4 Rb6
21. cxd5 g6 22. Bf4 c6 23. Bc7 Rb7 24. d6 Ra8 25. Rfe1 a5 26. Nxa5 Rxb2 27. d7
Rd2 28. Re8+ {#r} 1-0

[Event "Idaho Closed"]
[Site "Twin Falls, ID"]
[Date "2015.02.16"]
[Round "6.3"]
[White "Inman, James"]
[Black "Douglas, Kurt P"]
[Result "1-0"]
[WhiteElo "1650"]
[BlackElo "1645"]
[EventRounds "6"]
[EventCountry "USA"]

1. d4 d5 2. c4 c6 3. Nc3 Nf6 4. e3 Bf5 5. cxd5 cxd5 6. Qb3 Qb6 7. Nxd5 Qxb3 8.
Nxf6+ exf6 9. axb3 a6 10. Bd2 Nc6 11. Bc4 Nb4 12. Bb5+ Bd7 13. Bxd7+ Kxd7 14.
Bxb4 Bxb4+ 15. Ke2 Rac8 16. Kd3 Rc7 17. Ne2 Rhc8 18. Rac1 Rxc1 19. Rxc1 Rxc1
20. Nxc1 Ke6 21. e4 Bd6 22. g3 b5 23. f4 g6 24. Ne2 h5 25. Nc3 h4 26. d5+ Kd7
27. Ne2 hxg3 28. hxg3 g5 29. Ke3 gxf4+ 30. gxf4 Bc5+ 31. Kf3 a5 32. Nc3 Bd4
33. Nxb5 Bxb2 34. Na7 Bc3 35. Nc6 Kd6 36. f5 Kc5 37. Ke2 Kb5 38. Kd3 Be1 39.
Nd8 {#r} 1-0

[Event "Idaho Open"]
[Site "Boise, ID"]
[Date "2015.06.20"]
[Round "1.4"]
[White "Inman, James"]
[Black "Nyblade, Wesley"]
[Result "1-0"]
[WhiteElo "1812"]
[BlackElo "1556"]
[EventRounds "5"]
[EventCountry "USA"]

1. d4 d5 2. c4 Nf6 3. cxd5 Qxd5 4. Nc3 Qa5 5. Bd2 c6 6. Nf3 Qc7 7. e3 Bg4 8.
Be2 Nbd7 9. h3 Bh5 10. O-O e6 11. Rc1 Be7 12. Re1 O-O 13. e4 Qd8 14. Bf4 Bb4
15. Qc2 Bg6 16. Bd3 Rc8 17. a3 Ba5 18. b4 Bc7 19. Bxc7 Rxc7 20. Nb5 Rc8 21.
Nd6 Rb8 22. a4 Ne8 23. Nc4 Ndf6 24. Nce5 Qb6 25. b5 cxb5 26. Nxg6 hxg6 27.
axb5 Nh5 28. g3 Nhf6 29. Qa4 Nc7 30. Ne5 Rfd8 31. Rc5 Nd7 32. Rec1 Nxe5 33.
dxe5 Rxd3 34. Qc2 Rbd8 35. Rxc7 Rxg3+ 36. Kh2 Rgd3 37. Rc8 Qd4 38. Rxd8+ Qxd8
39. Qc8 Kf8 40. Qxb7 Rd7 41. Qa6 Rc7 42. Rxc7 Qxc7 43. Qd6+ Qxd6 44. exd6 f6
45. f4 e5 46. fxe5 fxe5 47. Kg3 Kf7 48. Kg4 Kf6 49. h4 g5 50. h5 Ke6 51. Kxg5
Kxd6 52. Kg6 Kc5 53. Kxg7 Kxb5 54. h6 a5 55. h7 a4 56. h8=Q {#r} 1-0

[Event "BCC #8"]
[Site "Boise, ID"]
[Date "2015.07.25"]
[Round "1.3"]
[White "Zaklan, David"]
[Black "Inman, James"]
[Result "0-1"]
[WhiteElo "1476"]
[BlackElo "1799"]
[EventRounds "4"]
[EventCountry "USA"]

1. d4 d5 2. c4 dxc4 3. e3 Nf6 4. Bxc4 e6 5. Nf3 c5 6. O-O a6 7. a4 Nc6 8. Bd2
cxd4 9. exd4 Nxd4 10. Be3 Nxf3+ 11. Qxf3 Bd6 12. Nc3 Qc7 13. Bd3 Bd7 14. g3
Bc6 15. Ne4 Nxe4 16. Bxe4 Bxe4 17. Qxe4 O-O 18. Rac1 Qe7 19. Rfd1 Rac8 20. Qd3
Rxc1 21. Bxc1 Rd8 22. Qb3 h6 23. Be3 Rc8 24. Qd3 Be5 25. b3 Rc3 26. Qb1 g5 27.
Qe4 Qc7 28. Qb1 Rc2 29. b4 Rb2 30. Qe4 Bd6 31. Bd2 Rxd2 32. Rxd2 Qc1+ 33. Kg2
Qxd2 34. Qxb7 Qd5+ 35. Qxd5 exd5 36. b5 axb5 37. axb5 f5 38. Kf3 Kf7 39. Ke3
Bc5+ 40. Kd2 Ke6 41. f3 Ke5 42. Kd3 h5 43. h3 Bf2 44. g4 fxg4 45. fxg4 h4 46.
Ke2 Bb6 47. Kf3 Kd4 48. Kf2 Kc4+ 49. Ke2 Kxb5 50. Kd3 Kb4 51. Kc2 Kc4 52. Kd2
Kd4 53. Ke2 Ke4 54. Kf1 Kf3 55. Ke1 Bf2+ 56. Kf1 Bg3 57. Kg1 d4 {#R} 0-1

[Event "BCC #8"]
[Site "Boise, ID"]
[Date "2015.07.25"]
[Round "3.2"]
[White "Buus, Jarod N"]
[Black "Inman, James"]
[Result "0-1"]
[WhiteElo "1727"]
[BlackElo "1799"]
[EventRounds "4"]
[EventCountry "USA"]

1. e4 c6 2. d4 d5 3. exd5 cxd5 4. c4 Nf6 5. Nc3 Nc6 6. Nf3 Bg4 7. cxd5 Nxd5 8.
Qb3 Bxf3 9. gxf3 e6 10. Qxb7 Nxd4 11. Bb5+ Nxb5 12. Qc6+ Ke7 13. Qxb5 Nxc3 14.
bxc3 Qb6 15. a4 g6 16. Be3 Qxb5 17. axb5 Bg7 18. Rc1 Rhc8 19. c4 Bb2 20. Rc2
Ba3 21. c5 Rab8 22. Ke2 Rxb5 23. c6 Rb2 24. Rxb2 Bxb2 25. Rb1 Be5 26. f4 Bb8
27. Bc5+ Kf6 28. Bd4+ Kf5 29. Kf3 Bxf4 30. Rb7 Rc7 31. Bxa7 g5 32. h3 Kg6 33.
Bb6 Rxc6 34. h4 Rc3+ 35. Ke2 Rb3 {#R} 0-1

[Event "BCC #9"]
[Site "Boise, ID"]
[Date "2015.08.29"]
[Round "1.2"]
[White "Sanderson, Kenneth"]
[Black "Inman, James"]
[Result "0-1"]
[WhiteElo "1458"]
[BlackElo "1815"]

1. e4 c6 2. d4 d5 3. e5 Bf5 4. h4 h5 5. c4 e6 6. Qb3 Qc7 7. Nc3 Nd7 8. Be3
dxc4 9. Bxc4 Nb6 10. Rc1 Nxc4 11. Qxc4 Nh6 12. Nf3 Ng4 13. Qe2 Nxe3 14. Qxe3
Qb6 15. Qe2 Bg4 16. Rd1 O-O-O 17. O-O Be7 18. g3 g5 19. Qe3 gxh4 20. gxh4 Rhg8
21. Kh1 Bxf3+ 22. Qxf3 Rxd4 23. Rxd4 Qxd4 24. Qe4 Rg4 25. Qxd4 Rxd4 26. Kg2
Rxh4 27. Rd1 Bb4 28. Rd3 Bxc3 29. Rxc3 Re4 30. Rf3 Rxe5 31. Rxf7 Re2 32. Re7
Rxb2 33. Rxe6 Rxa2 34. Kg3 Ra4 35. f4 h4+ 36. Kg4 h3 37. Rh6 Ra3 38. f5 Kd7
39. Kg5 Rg3+ 40. Kf6 b5 41. Rh7+ Kd6 42. Kf7 b4 43. f6 b3 44. Ke8 Re3+ 45. Kd8
Rf3 46. f7 b2 47. Rh6+ Kc5 48. Rxh3 Rxf7 49. Rb3 Rf2 50. Kc7 Kc4 51. Rb7 Rf7+
{#R} 0-1

[Event "BCC #9"]
[Site "Boise, ID"]
[Date "2015.08.29"]
[Round "2.2"]
[White "Inman, James"]
[Black "Amen, Chris"]
[Result "1/2-1/2"]
[WhiteElo "1815"]
[BlackElo "1683"]

1. d4 Nf6 2. c4 g6 3. Nc3 d5 4. cxd5 Nxd5 5. e4 Nxc3 6. bxc3 Bg7 7. Bg5 c5 8.
Rc1 h6 9. Be3 Qa5 10. Qd2 cxd4 11. cxd4 Qxd2+ 12. Bxd2 O-O 13. Nf3 Bg4 14. d5
Nd7 15. h3 Bxf3 16. gxf3 Rac8 17. Bb5 Rxc1+ 18. Bxc1 Rc8 19. Kd2 Ne5 20. Be2
h5 21. Ba3 Kf8 22. Rb1 b6 23. Rb3 Bh6+ 24. Kd1 Ke8 25. Bb2 Bf4 26. Rc3 Rxc3
27. Bxc3 Kd7 28. Bb5+ Kc7 29. Ke2 Kb7 30. Bxe5 Bxe5 31. Be8 g5 32. Bxf7 h4 33.
Be8 a6 34. a4 Kc7 35. Kd3 Kd6 36. Kc4 Bh2 37. Kd4 Be5+ 38. Kc4 Bh2 {#d}
1/2-1/2

[Event "BCC #9"]
[Site "Boise, ID"]
[Date "2015.08.29"]
[Round "3.2"]
[White "Inman, James"]
[Black "Chimenton, Andrea"]
[Result "1/2-1/2"]
[WhiteElo "1815"]
[BlackElo "1901"]

1. d4 Nf6 2. c4 g6 3. Nc3 d5 4. cxd5 Nxd5 5. e4 Nxc3 6. bxc3 Bg7 7. Bg5 O-O 8.
Nf3 c5 9. Rc1 Nc6 10. d5 Ne5 11. Be2 Nxf3+ 12. Bxf3 Re8 13. O-O Qa5 14. Qd2 c4
15. Rfe1 Be5 16. g3 b5 17. Bg2 Bb7 18. Be3 a6 19. Bc5 Qc7 20. Qe3 Bd6 21. Bb6
Qd7 22. f4 Bc7 23. Bd4 e6 24. dxe6 Qxe6 25. g4 Qxg4 26. Qg3 Qxf4 27. Qh3 h5
28. Rf1 Qg5 29. Rce1 Bxe4 30. Rxe4 Rxe4 31. Bf6 Qg4 32. Qf3 Rae8 33. Bd4 Rf4
34. Qc6 Rxf1+ 35. Kxf1 Qe2+ 36. Kg1 Qe1+ 37. Bf1 Re4 38. Qa8+ Re8 39. Qc6 Qe7
40. Bg2 Qe1+ {White claimed a draw by 3-fold repetition, which is the same as
a draw offer, and Black agreed to the draw before the determination needed to
be made..} {#d} 1/2-1/2

[Event "BCC #9"]
[Site "Boise, ID"]
[Date "2015.08.29"]
[Round "4.3"]
[White "Hawkins, Nicholas B"]
[Black "Inman, James"]
[Result "1-0"]
[WhiteElo "1543"]
[BlackElo "1815"]

1. e4 c6 2. d4 d5 3. e5 Bf5 4. Be2 e6 5. Nf3 c5 6. O-O Nc6 7. c3 Rc8 8. a3 c4
9. Nbd2 h6 10. b3 b5 11. a4 a6 12. axb5 axb5 13. bxc4 bxc4 14. Ba3 Bxa3 15.
Rxa3 Ra8 16. Qa1 Rxa3 17. Qxa3 Nge7 18. Ra1 O-O 19. Bd1 Qb6 20. Ne1 Rb8 21. g4
Bh7 22. Nf1 g5 23. Ng3 Qb2 24. Nh5 Bg6 25. Qxb2 Rxb2 26. Ra8+ Nb8 27. Nf6+ Kg7
28. Ba4 Rb1 29. Kg2 Rxe1 30. Rxb8 Be4+ 31. f3 Re2+ 32. Kg1 Bxf3 33. Re8 Ra2
34. Bd7 Bxg4 35. Rxe7 Bf5 36. Re8 Bh7 37. Rc8 Rc2 38. Rc7 Kg6 39. Be8 Rxc3 40.
Bxf7+ Kf5 41. Nxh7 Ke4 42. Bxe6 Kxd4 43. Rd7 Kxe5 44. Bxd5 Rd3 45. Bc6 Rxd7
46. Bxd7 Kf4 47. Kf2 h5 48. Nf6 h4 49. Ng4 c3 50. Ne3 g4 51. Bxg4 c2 52. Nxc2
Kxg4 53. Kg2 h3+ 54. Kf2 Kf4 55. Ne1 Kg4 56. Nf3 Kf4 57. Ng1 Kg4 58. Ke3 Kh4
59. Kf3 Kg5 60. Kg3 Kh5 61. Nxh3 Kg6 62. Kg4 Kh6 63. Nf4 Kg7 64. Kg5 Kh7 65.
h4 Kg7 66. h5 Kh7 67. Ng6 Kg8 68. Kh6 Kf7 69. Kh7 Kf6 70. h6 Kf7 71. Ne5+ Kf8
72. Nd7+ Kf7 73. Ne5+ Kf8 74. Kh8 Ke8 75. Kg7 Ke7 76. h7 Ke8 77. h8=Q+ Ke7 78.
Qh6 {#r} 1-0

[Event "BCC #10"]
[Site "Boise, ID"]
[Date "2015.09.26"]
[Round "4.1"]
[White "Amen, Chris"]
[Black "Inman, James"]
[Result "1/2-1/2"]
[WhiteElo "1683"]
[BlackElo "1823"]
[EventRounds "4"]
[EventCountry "USA"]

1. e4 c6 2. d4 d5 3. e5 Bf5 4. Nf3 e6 5. Be2 c5 6. Be3 Qb6 7. Nc3 Nc6 8. O-O
c4 9. b3 cxb3 10. axb3 Bb4 11. Na4 Qc7 12. c4 Nge7 13. Nh4 Be4 14. f3 Bg6 15.
Bg5 Rd8 16. c5 Rd7 17. Bb5 Nf5 18. Nxf5 Bxf5 19. g4 Bg6 20. Be3 h5 21. g5 h4
22. Qe2 h3 23. Rad1 Ke7 24. Kh1 Rdd8 25. Rg1 Rh4 26. Bf2 Rh5 27. Bd3 Bxd3 28.
Rxd3 g6 29. Rg3 Rdh8 30. f4 Kf8 31. Rdf3 Kg7 32. Qe3 Ne7 33. Rxh3 Nf5 34. Qd3
a6 35. Rxh5 Rxh5 36. Rh3 Rxh3 37. Qxh3 Qc6 38. Qf3 Qb5 39. Kg2 Bd2 40. Nb6 Be3
41. Qd1 Bxf4 42. Nc8 Bxg5 43. Nd6 Qb4 44. Nxf5+ exf5 45. Qf3 Qd2 46. Qxd5 Be3
47. Qf3 Bxd4 48. Kf1 Qc1+ 49. Kg2 Qxc5 50. Bxd4 Qxd4 51. e6 fxe6 52. Qxb7+ Kh6
53. Qe7 Qd5+ 54. Kf2 Qxb3 55. Qh4+ Kg7 56. Qe7+ Kg8 57. Qe8+ Kh7 58. Qe7+ {#d}
1/2-1/2